000 00682nam a2200217 i 4500
001 51037
003 ES-MaACL
005 20250712031709.0
007 t|
008 030808s1958 sp ||||1| spa d
080 _a821.133.1-13"11"
130 3 _aLa Chanson de Roland.
_lEspañol.
_9119744
245 1 3 _aEl Cantar de Roldán /
_ctraducción, adaptación y prólogo de Fernando Gutiérrez.
260 _aBarcelona :
_bMateu,
_c1958 (
_fSaturno)
300 _a253 p. ;
_c19 cm.
490 1 _aClásicos cadete
700 1 _aGutiérrez, Fernando,
_d1911-1984
_9156260
830 0 _aClásicos cadete
_9230160
852 _aES-MaACL
_jC-14436
_bR.42118
999 _c51037
_d51037